| 000 | 00716nam a2200289Ia 4500 | ||
|---|---|---|---|
| 005 | 20260324121501.0 | ||
| 008 | 008 260324s9999 xx 000 0 eng d | ||
| 020 | _a9781003238508 | ||
| 037 | _aEBOOK | ||
| 040 | _aCRL | ||
| 040 | _beng | ||
| 040 | _cCRL | ||
| 041 | _2eng | ||
| 041 | _aeng | ||
| 084 | _qCRL | ||
| 100 |
_aErick Wilberding _91162699 |
||
| 245 | 0 | _aTeach Like Socrates | |
| 245 | 0 | _bGuiding Socratic Dialogues and Discussions in the Classroom (Grades 7-12) | |
| 260 | _bTaylor and Francis | ||
| 260 | _c2014 | ||
| 365 | _a | ||
| 365 | _b89.99 | ||
| 856 | _uhttp://www.taylorfrancis.com/books/9781003238508 | ||
| 942 | _cEBOOK | ||
| 999 |
_c1754818 _d1754818 |
||